|
|
|
|
| LEADER |
00000nkm a2200000 a 4500 |
| 001 |
vtls010027317 |
| 003 |
SK-MaSNL |
| 005 |
20260301083350.0 |
| 007 |
kf bo |
| 008 |
231206q1903 xo g kuhun |
| 040 |
|
|
|a SNK
|b slo
|c SNK
|e AACR2
|
| 041 |
0 |
|
|a hun
|
| 043 |
|
|
|a e-xo---
|
| 044 |
|
|
|a xo
|c SK
|
| 080 |
|
|
|a 728.81
|2 2001
|
| 080 |
|
|
|a 7.025.21
|2 2001
|
| 080 |
|
|
|a 913(437.6)
|2 2001
|
| 080 |
|
|
|a (089.7)904
|2 2001
|
| 245 |
0 |
0 |
|a Blatnica vára (Turócz m.)
|h grafika
|
| 260 |
|
|
|a Turócz-Szt.-Márton
|b P. Socháň
|c [1903?]
|
| 300 |
|
|
|a 1 pohľadnica
|b čiernobiela
|c 9 x 14 cm
|
| 520 |
8 |
|
|a Zobrazenie: pohľad na Blatnický hrad
|
| 650 |
0 |
7 |
|a hrady
|2 SNKPH
|9 3039
|
| 650 |
0 |
7 |
|a zrúcaniny
|2 SNKPH
|9 31233
|
| 651 |
|
7 |
|a Blatnica (Slovensko)
|2 SNKPH
|9 28809
|
| 655 |
|
7 |
|a pohľadnice kultúrnych pamiatok
|2 SNKPH
|9 70523
|
| 958 |
|
|
|a GC
|
| 958 |
|
|
|a GBN
|
| 958 |
|
|
|a ONDV
|
| 999 |
|
|
|c 660360
|d 662290
|
| 952 |
|
|
|a SNK
|b SNK
|y PREZ
|7 0
|p 17A0636288
|o snkSP 82665
|3 rekatalogizácia
|0 0
|1 0
|4 0
|d 2009-12-02
|l 0
|r 2026-02-23 18:51:43
|w 2026-02-23
|